| 000 | 01502nam a22003254a 4500 | ||
|---|---|---|---|
| 001 | ebr10280016 | ||
| 003 | CaPaEBR | ||
| 006 | m u | ||
| 007 | cr cn||||||||| | ||
| 008 | 070424s2008 wiua sb s000 d eng | ||
| 010 | _z 2007016820 | ||
| 020 | _z0299224708 (cloth : alk. paper) | ||
| 020 | _z0299224740 (pbk. : alk. paper) | ||
| 040 |
_aCaPaEBR _cCaPaEBR |
||
| 035 | _a(OCoLC)318249579 | ||
| 050 | 1 | 4 |
_aPS623 _b.T48 2008eb |
| 082 | 0 | 4 |
_a812/.54080358 _222 |
| 245 | 0 | 4 |
_aThe theatre of genocide _h[electronic resource] : _bfour plays about mass murder in Rwanda, Bosnia, Cambodia, and Armenia / _cedited and with an introduction by Robert Skloot. |
| 260 |
_aMadison, Wis. : _bUniversity of Wisconsin Press, _cc2008. |
||
| 300 |
_av, 221 p. : _bill. |
||
| 504 | _aIncludes bibliographical references. | ||
| 505 | 0 | _aIntroduction: The light of dead stars / Robert Skloot -- Exile in the cradle / Lorne Shirinian -- Silence of God / Catherine Filloux -- A patch of earth / Kitty Felde -- Maria Kizito / Erik Ehn. | |
| 533 |
_aElectronic reproduction. _bPalo Alto, Calif. : _cebrary, _d2013. _nAvailable via World Wide Web. _nAccess may be limited to ebrary affiliated libraries. |
||
| 650 | 0 |
_aGenocide _vDrama. |
|
| 650 | 0 |
_aMass murder _vDrama. |
|
| 655 | 7 |
_aElectronic books. _2local |
|
| 700 | 1 | _aSkloot, Robert. | |
| 710 | 2 | _aebrary, Inc. | |
| 856 | 4 | 0 |
_uhttp://site.ebrary.com/lib/rucke/Doc?id=10280016 _zAn electronic book accessible through the World Wide Web; click to view |
| 999 |
_c18914 _d18914 |
||